000 00737cam a22002653a 4500
001 3465
003 PGUSA
005 20140828083032.0
008 060406s2006||||xxu|||||s|||||000 1 eng d
040 _aPGUSA
_beng
042 _adc
050 4 _aPR
100 1 _aOuida,
_d1839-1908
245 1 0 _aUnder Two Flags
_h[electronic resource] /
_cOuida
260 _bProject Gutenberg,
_c2006
506 _aPublic domain in the USA.
516 _aElectronic text
653 _aFrance. Armée. Légion étrangère -- Fiction
653 _aAlgeria -- Fiction
653 _aLove stories
653 _aBritish -- Algeria -- Fiction
830 0 _aProject Gutenberg
_v3465
856 4 0 _uhttp://www.gutenberg.org/ebooks/3465
942 _cEB
999 _c232794
_d232794